Etablissement Scolaire de Savigny-Le-Temple et de Nandy - Statistiques

Statistiques générales
  • Ce quiz a été pris 10 fois
  • Le résultat moyen est 17 sur 23
Statistiques - réponses
Indice Ville Type de quiz Réponse % Correct
Cuisinier Savigny-Le-Temple Lycée Antonin Carême
100%
Elément Naturel Nandy Ecole Les Bois
100%
Droit Royal Savigny-Le-Temple Ecole Les Régalles
100%
Résistant Savigny-Le-Temple Ecole Pierre Brossolette
100%
Homme Politique Savigny-Le-Temple Lycée Pierre Mendès France
100%
Alarme Savigny-Le-Temple Ecole Réveil-Matin
100%
Educatrice Savigny-Le-Temple Ecole Sidonie Talabot
100%
Elément Naturel Savigny-Le-Temple Ecole Chanteraine
75%
Femme Politique Savigny-Le-Temple Ecole Désirée Clary
75%
Lieu Nandy Ecole Ecole Balory
75%
Psychologue Savigny-Le-Temple Collège Henri Wallon
75%
Batiment Agricole Savigny-Le-Temple Collège La Grange du Bois
75%
Regroupement Urbain Savigny-Le-Temple Ecole Les Cités Unies
75%
Elément Naturel Savigny-Le-Temple Ecole Les Ormes
75%
Homme Politique Nandy Collège Robert Buron
75%
Nom de rue Nandy Ecole Villemur
75%
Objet Savigny-Le-Temple Collège La Petite Plume
50%
Elément Naturel Savigny-Le-Temple Ecole Les Rivières
50%
Ingénieur Savigny-Le-Temple Collège Louis Armand
50%
Femme Politique Savigny-Le-Temple Ecole Louise Michel
50%
Historien Savigny-Le-Temple Ecole Marc Bloch
50%
Lieu Agricole Savigny-Le-Temple Ecole La ferme des Savoirs
25%
Batiment Agricole Savigny-Le-Temple Collège La ferme des Savoirs
25%
Aucun quiz correspondant
Distribution des résultats
% des personnes avec chaque résultat
Percentile par nombre de réponses
Votre historique - résultats
Vous n’avez pas pris ce quiz